Pokémon - Les attaques de Craparoi - Statistiques

Statistiques générales
  • Ce quiz a été pris 16 fois
  • Le résultat moyen est 9 sur 15
Statistiques - réponses
Niveaux Types Noms des attaques % Correct
Niveau 24 Roche Boule Roc
86%
Niveau 42 Roche Éboulement
86%
Niveau 17 Acier Griffe Acier
86%
Départ Roche Jet-Pierres
86%
Niveau 13 Roche Tomberoche
86%
Niveau 9 Combat Éclate-Roc
71%
Niveau 51 Acier Mur de Fer
71%
Niveau 6 Normal Armure
57%
Niveau 29 Insecte Plaie Croix
57%
Niveau 21 Normal Abri
43%
Niveau 33 Normal Danse Lames
43%
Niveau 47 Sol Cavalerie Lourde
29%
Départ Normal Force Poigne
29%
Niveau 56 Normal Guillotine
29%
Niveau 37 Normal Gigotage
14%
Aucun quiz correspondant
Distribution des résultats
% des personnes avec chaque résultat
Percentile par nombre de réponses
Votre historique - résultats
Vous n’avez pas pris ce quiz